| 000 | 01248nam a2200301 i 4500 | ||
|---|---|---|---|
| 003 | EG-GICUC | ||
| 005 | 20260121101446.0 | ||
| 008 | 251209s1972 ua ||||fr|||| 00| 0 ara d | ||
| 017 | _a19176212 | ||
| 040 |
_a EG-GICUC _bara _c EG-GICUC _d EG-GICUC _erda |
||
| 041 | _aara | ||
| 082 | 0 | 4 |
_221 _a341.7105699 _bس ي . م |
| 092 | 0 | 4 | _221 |
| 099 | _aLaw1 11 341.7105699 س ي . م 1972 | ||
| 100 | 0 |
_aسيد نوفل _eمؤلف. |
|
| 245 | 1 | 2 |
_aالمدخل إلى سياسة إسرائيل الخارجية / _cسيد نوفل. |
| 264 | 1 |
_aالقاهرة : _bمعهد البحوث والدراسات العربية, _c1972. |
|
| 300 |
_a126 صفحة ؛ _c24 سم. |
||
| 336 |
_2rda content _atext |
||
| 337 |
_2rda media _aComputer |
||
| 338 |
_2rda carrier _aOnline Resource |
||
| 504 | _aيحتوي على اراجاعات ببليوجرافية يحتوي على قائمة بالمراجع. | ||
| 546 | _aالنص أغلبه باللغة العربية بعض النصوص الإنجليزية والفرنسية | ||
| 650 | 1 | 4 |
_aالسياسة الدولية _xالقانون الدولى العام _zإسرائيل |
| 856 | 4 | 0 | _uhttps://fll.law.cu.edu.eg/fulltext/bks/B11-05320.pdf |
| 905 |
_a75 _eHassnaa |
||
| 942 |
_2ddc _n0 _cBK _e21 |
||
| 999 |
_c49436 _d49436 |
||